Statystyki dla Geografia quiz #31 - Miasta z największą liczbą ludności na świecie

Kliknij tutaj aby rozwiązać quiz!

Ogólne statystyki

  • Ten quiz został rozwiązany 18 razy
  • Średni wynik to 6 z 10

Statystyki odpowiedzi

MiejsceMiastoLudność% Poprawnych
8Pekin22 189 082
94%
1Tokio37 115 035
89%
2Delhi33 807 403
83%
9Bombaj21 673 149
78%
3Szanghaj29 867 918
78%
7Meksyk22 505 315
56%
6Kair22 623 874
50%
4Dhaka23 935 652
44%
5Sao Paulo22 806 704
44%
10Osaka18 967 459
28%

Rozkład punktacji

Percentyl według liczby udzielonych odpowiedzi

Procent ludzi z każdym wynikiem

Twoja historia wyników

Nie rozwiązałeś tego quizu